000 00759nam a2200205 a 4500
008 120416s1984 ||||||||||||||||| || u
020 _a0126906408
050 _aQE 515 App
100 _aThornton, Iain
245 1 0 _aApplied environmental geochemistry
_cedited by Iain Thornton
260 _aLondon
_bAcademic Press
_c1984
300 _axiii, 501p. : ill.
350 _a0.00
490 _aAcademic Press geology series
500 _aIncludes bibliographies and index.
650 _aGEOLOGY--STUDY AND TEACHING
650 _aGEOCHEMISTRY
650 _aENVIRONMENTAL GEOCHEMISTRY
995 _D0.00
_FCBU-MAIN LIBRARY (Kitwe)
_H1
_I118.00
_M1
_UAVAILABLE
_WMar 21, 2007
_ZAnnex Low-Usage Collection
999 _c34551
_d34551